| 000 | 00629nam a22002177a 4500 | ||
|---|---|---|---|
| 999 |
_c16 _d16 |
||
| 003 | AR-CdUCM | ||
| 008 | 190220b ||||| |||| 00| 0 spa d | ||
| 040 |
_aMUNICIPALIDAD PROVINCIAL DEL CUSCO _cBIBLIOTECA MUNICIPAL DEL CUSCO |
||
| 041 | _hchi | ||
| 082 |
_a895.1 / _bSH546 |
||
| 100 |
_aShengtao, Ye _986 |
||
| 245 | _aEl maestro Ni Huanzhi | ||
| 260 |
_aChina _bEdiciones en Lenguas Extranjeras _c1982 |
||
| 300 |
_a331 páginas _c22cm |
||
| 505 | _aNovela | ||
| 650 |
_aLiteratura asiática _987 |
||
| 700 |
_aDe Rovetta, Berta _988 |
||
| 700 |
_aRamirez, Laureano _989 |
||
| 942 |
_2ddc _cLIBROS |
||
| 945 |
_anom _d2019-02-20 |
||